000 00751nam a22002297a 4500
005 20140310183634.0
008 131123b xxu||||| |||| 00| 0 eng d
020 _a9780857025728
050 _aLB 1620.4
_b.L754 2011
100 _aLines, Dennis.
245 _aBrief counselling in schools :
_bworking with young people from 11 to 18 /
_cDennis Lines.
250 _a3rd ed.
260 _aThousand Oaks, CA :
_bSage Publications,
_c2011.
300 _a283 p. :
_bill. ;
_c25 cm.
504 _aIncludes Bibliographic References and Index.
521 _aPSYCH
650 _aCounseling in secondary education.
650 _aBrief psychotherapy for teenagers.
650 _aEDUCATION
_xSecondary.
942 _2lcc
_cBK
_kFOR
999 _c25662
_d25662